Operating system concepts / (Record no. 810)

MARC details
000 -LEADER
fixed length control field 00620nam a22002177a 4500
003 - CONTROL NUMBER IDENTIFIER
control field OSt
005 - DATE AND TIME OF LATEST TRANSACTION
control field 20250417104441.0
008 - FIXED-LENGTH DATA ELEMENTS--GENERAL INFORMATION
fixed length control field 220322b ||||| |||| 00| 0 eng d
020 ## - INTERNATIONAL STANDARD BOOK NUMBER
International Standard Book Number 9781119454083
040 ## - CATALOGING SOURCE
Transcribing agency KCST
082 ## - DEWEY DECIMAL CLASSIFICATION NUMBER
Classification number 005.43
Item number Si Op
100 ## - MAIN ENTRY--PERSONAL NAME
Personal name Silberschatz, Abraham
9 (RLIN) 466
245 ## - TITLE STATEMENT
Title Operating system concepts /
Remainder of title Abraham Silberschatz; Peter Baer Galvin; Greg Gagne
250 ## - EDITION STATEMENT
Edition statement Global edition
260 ## - PUBLICATION, DISTRIBUTION, ETC.
Place of publication, distribution, etc. Hoboken, N.J:
Name of publisher, distributor, etc. Wiley;
Date of publication, distribution, etc. 2019.
300 ## - PHYSICAL DESCRIPTION
Extent 864 p.
650 ## - SUBJECT ADDED ENTRY--TOPICAL TERM
Topical term or geographic name entry element Operating systems (Computers)
9 (RLIN) 707
700 ## - ADDED ENTRY--PERSONAL NAME
Personal name Galvin, Peter Baer
9 (RLIN) 5686
700 ## - ADDED ENTRY--PERSONAL NAME
Personal name Gagne, Greg
9 (RLIN) 1051
942 ## - ADDED ENTRY ELEMENTS (KOHA)
Source of classification or shelving scheme Dewey Decimal Classification
Koha item type Book
Holdings
Withdrawn status Lost status Source of classification or shelving scheme Damaged status Not for loan Home library Current library Date acquired Cost, normal purchase price Total checkouts Full call number Barcode Date last seen Cost, replacement price Price effective from Koha item type Source of acquisition
    Dewey Decimal Classification     KCST Library KCST Library 22/03/2022 11.50   005.43 Si Op 1000001056 22/03/2022 11.50 22/03/2022 Course Textbook  
    Dewey Decimal Classification     KCST Library KCST Library 17/09/2023 11.50   005.43 Si Op 1000001192 19/09/2023 11.50 19/09/2023 Course Textbook Procured - KCST-INV002
    Dewey Decimal Classification     KCST Library KCST Library 17/09/2023 11.50   005.43 Si Op 1000001193 19/09/2023 11.50 19/09/2023 Course Textbook Procured - KCST-INV002
© 2025 KCST. All rights reserved